书目信息 |
| 题名: |
房地产投资分析与决策
|
|
| 作者: | 丁芸 , 谭善勇 主编 | |
| 分册: | ||
| 出版信息: | 北京 中国建筑工业出版社 2005.2 |
|
| 页数: | 11,311页 | |
| 开本: | 21cm | |
| 丛书名: | 房地产丛书 | |
| 单 册: | ||
| 中图分类: | F293.35 | |
| 科图分类: | ||
| 主题词: | 房地产--fang di chan--投资--分析 , 房地产--fang di chan--投资--经济决策 , 房地产--fang di chan , 投资--tou zi , 经济决策--jing ji jue ce | |
| 电子资源: | ||
| ISBN: | 7-112-07005-8 | |
| 000 | 01222nam0 2200361 450 | |
| 000 | 01232nam0 2200361 450 | |
| 000 | 01195nam0 2200349 450 | |
| 000 | 01178nam0 2200349 450 | |
| 000 | 01141nam0 2200337 45 | |
| 001 | 012005000794 | |
| 005 | 20050908171658.99 | |
| 010 | @a7-112-07005-8@dCNY25.00 | |
| 100 | @a20050526d2005 em y0chiy0121 ea | |
| 101 | 0 | @achi |
| 102 | @aCN@b110000 | |
| 105 | @ay z 000yy | |
| 200 | 1 | @a房地产投资分析与决策@Afang di chan tou zi fen xi yu jue ce@f丁芸,谭善勇主编 |
| 210 | @a北京@c中国建筑工业出版社@d2005.2 | |
| 215 | @a11,311页@d21cm | |
| 225 | 2 | @a房地产丛书@Afang di chan cong shu |
| 320 | @a有书目(第311页) | |
| 330 | @a本书重点突出,强调理论与实践、定性分析与定量分析相结合,对房地产投资分析的主要内容与操作技巧进行了全面、系统、深入的分析与介绍。 | |
| 461 | 0 | @12001 @a房地产丛书 |
| 606 | 0 | @a房地产@Afang di chan@x投资@x分析 |
| 606 | 0 | @a房地产@Afang di chan@x投资@x经济决策 |
| 606 | 0 | @a房地产@Afang di chan |
| 606 | 0 | @a投资@Atou zi |
| 606 | 0 | @a经济决策@Ajing ji jue ce |
| 690 | @aF293.35@v4 | |
| 701 | 0 | @a丁芸@Ading yun@4主编 |
| 701 | 0 | @a谭善勇@Atan shan yong@4主编 |
| 801 | 0 | @aCN@bSRXX@c20050908 |
| 905 | @a10447@dF293.35@eD595 | |
| 房地产投资分析与决策/丁芸,谭善勇主编.-北京:中国建筑工业出版社,2005.2 |
| 11,311页;21cm.-(房地产丛书) |
| ISBN 7-112-07005-8:CNY25.00 |
| 本书重点突出,强调理论与实践、定性分析与定量分析相结合,对房地产投资分析的主要内容与操作技巧进行了全面、系统、深入的分析与介绍。 |
| ● |
| 相关链接 |
|
|
|
正题名:房地产投资分析与决策
索取号:F293.35/D595
 
预约/预借
| 序号 | 登录号 | 条形码 | 馆藏地/架位号 | 状态 | 备注 |
| 1 | 540474 | 205404748 | 社科库409/409社科库 111排2列4层/ [索取号:F293.35/D595] | 在馆 | |
| 2 | 540475 | 205404757 | 社科库409/409社科库 111排2列4层/ [索取号:F293.35/D595] | 在馆 | |
| 3 | 540476 | 205404766 | 社科库409/409社科库 111排2列4层/ [索取号:F293.35/D595] | 在馆 |